| 000 | 00000nam##2200000za#4500 |
| 001 | 9.590994 |
| 003 | CaOODSP |
| 005 | 20250403104946 |
| 007 | cr ||||||||||| |
| 008 | 150406|2001||||xxc|||||o f|0| 0 fre|d |
| 020 | |a0-662-86451-4 |
| 022 | |a1205-9161 |
| 040 | |aCaOODSP|bfre |
| 043 | |an-cn--- |
| 086 | 1 |aCS11-0019/177F-IN |
| 245 | 03|aUn conte de trois villes : |h[ressource électronique]|bla dynamique du secteur de la fabrication à Toronto, à Montréal et à Vancouver de 1976 à 1997 / |c[par] Tara Vinodrai. |
| 260 | |aOttawa - Ontario : |bStatistique Canada |cNovembre 2001. |
| 300 | |a93p.|bgraphiques, cartes, références, tableaux |
| 490 | 1 |aDocuments de recherche - Direction des études analytiques|x1205-9161|vN° 177 |
| 590 | |a12-37-Supp|b2012-09-24 |
| 710 | 2 |aStatistique Canada. |
| 720 | 1 |aVinodrai, Tara |
| 775 | 08|tA tale of three cities : |w(CaOODSP)9.557999 |
| 776 | 0#|tUn conte de trois villes: la dynamique du secteur de la fabrication à Toronto, à Montréal et à Vancouver de 1976 à 1997 / |w(CaOODSP)9.625838 |
| 830 | #0|aDocuments de recherche (Statistique Canada. Direction des études analytiques)|x1205-9161|vN° 177|w(CaOODSP)9.500842 |
| 856 | 40|ahttp://publications.gc.ca|qPDF|s1001 Ko|uhttps://publications.gc.ca/collections/Collection/CS11-0019-177F.pdf|yN° 177 |